<?xml version="1.0" encoding="UTF-8"?>
<marc:record xmlns:marc="http://www.loc.gov/MARC21/slim" type="Bibliographic">
   <marc:leader>00000pim a2200000 c 4500</marc:leader>
   <marc:controlfield tag="001">971879249</marc:controlfield>
   <marc:controlfield tag="003">DE-101</marc:controlfield>
   <marc:controlfield tag="005">20171203164354.0</marc:controlfield>
   <marc:controlfield tag="007">sd||||||||||||</marc:controlfield>
   <marc:controlfield tag="007">co||||||||||||</marc:controlfield>
   <marc:controlfield tag="008">040727s2004    gw |||||q|||||||||||ger  </marc:controlfield>
   <marc:datafield ind1=" " ind2=" " tag="015">
      <marc:subfield code="a">05,A33,0126</marc:subfield>
      <marc:subfield code="z">04,N35,0115</marc:subfield>
      <marc:subfield code="2">dnb</marc:subfield>
   </marc:datafield>
   <marc:datafield ind1="7" ind2=" " tag="016">
      <marc:subfield code="2">DE-101</marc:subfield>
      <marc:subfield code="a">971879249</marc:subfield>
   </marc:datafield>
   <marc:datafield ind1=" " ind2=" " tag="020">
      <marc:subfield code="a">9783831260775</marc:subfield>
      <marc:subfield code="c">: EUR 12.95 (freier Pr.)</marc:subfield>
      <marc:subfield code="9">978-3-8312-6077-5</marc:subfield>
   </marc:datafield>
   <marc:datafield ind1=" " ind2=" " tag="020">
      <marc:subfield code="a">383126077X</marc:subfield>
      <marc:subfield code="c">: EUR 12.95 (freier Pr.)</marc:subfield>
      <marc:subfield code="9">3-8312-6077-X</marc:subfield>
   </marc:datafield>
   <marc:datafield ind1="3" ind2=" " tag="024">
      <marc:subfield code="a">9783831260775</marc:subfield>
   </marc:datafield>
   <marc:datafield ind1="5" ind2="2" tag="028">
      <marc:subfield code="a">16077</marc:subfield>
   </marc:datafield>
   <marc:datafield ind1=" " ind2=" " tag="035">
      <marc:subfield code="a">(DE-599)DNB971879249</marc:subfield>
   </marc:datafield>
   <marc:datafield ind1=" " ind2=" " tag="035">
      <marc:subfield code="a">(OCoLC)723088332</marc:subfield>
   </marc:datafield>
   <marc:datafield ind1=" " ind2=" " tag="040">
      <marc:subfield code="a">1245</marc:subfield>
      <marc:subfield code="b">ger</marc:subfield>
      <marc:subfield code="c">DE-101</marc:subfield>
      <marc:subfield code="d">9999</marc:subfield>
   </marc:datafield>
   <marc:datafield ind1=" " ind2=" " tag="041">
      <marc:subfield code="a">ger</marc:subfield>
   </marc:datafield>
   <marc:datafield ind1=" " ind2=" " tag="044">
      <marc:subfield code="c">XA-DE-BY</marc:subfield>
   </marc:datafield>
   <marc:datafield ind1="7" ind2="4" tag="082">
      <marc:subfield code="a">130</marc:subfield>
      <marc:subfield code="q">DE-101</marc:subfield>
      <marc:subfield code="2">22sdnb</marc:subfield>
   </marc:datafield>
   <marc:datafield ind1="0" ind2="0" tag="245">
      <marc:subfield code="a">Nostradamus</marc:subfield>
      <marc:subfield code="b">das dritte Jahrtausend</marc:subfield>
      <marc:subfield code="c">Autor: Klaus Kamphausen. Sprecher: Achim Höppner</marc:subfield>
   </marc:datafield>
   <marc:datafield ind1=" " ind2="1" tag="264">
      <marc:subfield code="a">Grünwald</marc:subfield>
      <marc:subfield code="b">Komplett-Media</marc:subfield>
      <marc:subfield code="c">[2004]</marc:subfield>
   </marc:datafield>
   <marc:datafield ind1=" " ind2=" " tag="300">
      <marc:subfield code="a">1 CD</marc:subfield>
      <marc:subfield code="c">12 cm</marc:subfield>
   </marc:datafield>
   <marc:datafield ind1=" " ind2=" " tag="336">
      <marc:subfield code="a">gesprochenes Wort</marc:subfield>
      <marc:subfield code="b">spw</marc:subfield>
      <marc:subfield code="2">rdacontent</marc:subfield>
   </marc:datafield>
   <marc:datafield ind1=" " ind2=" " tag="337">
      <marc:subfield code="a">audio</marc:subfield>
      <marc:subfield code="b">s</marc:subfield>
      <marc:subfield code="2">rdamedia</marc:subfield>
   </marc:datafield>
   <marc:datafield ind1=" " ind2=" " tag="338">
      <marc:subfield code="a">Audiodisk</marc:subfield>
      <marc:subfield code="b">sd</marc:subfield>
      <marc:subfield code="2">rdacarrier</marc:subfield>
   </marc:datafield>
   <marc:datafield ind1=" " ind2=" " tag="520">
      <marc:subfield code="a">Aufbruch in ein neues Jahrtausend, Aufbruch in eine neue Welt? Wie wird diese neue Welt aussehen? Welche einschneidenden Ereignisse, welche revolutionären Entdeckungen werden den Weg der Menschheit im dritten Jahrtausend bestimmen? Der sagenumwobene Arzt, Astrologe und Seher Michel de Notredame (1503 - 1566), genannt Nostradamus, hat vor mehr als 400 Jahren das zukünftige Schicksal der Menschheit in 942 verschlüsselten, geheimnisvollen Vierzeilern prophezeit. Seine Weissagungen beziehen sich auf die Zeit von 1555 bis zum Jahr 3797. Die Dokumentation zeigt das Leben und das Werk des Nostradamus und belegt, welche seiner oft unheimlichen Weissagungen sich bis heute schon erfüllt haben: Die Französische Revolution, Aufstieg und Fall Napoleons, die zwei Weltkriege, Adolf Hitler, Hiroshima, die Ermordung der Kennedys, die erste Mondlandung. Auf Grund neuester Entschlüsselungsmethoden eines der führenden Nostradamus Experten unserer Zeit, Manfred Dimde, wagen wir einen Ausblick in die Zukunft. Bedrohen Naturkatastrophen und Kriege die Zukunft der Menschheit oder werden große Entdeckungen das Rad der Geschichte zum Positiven wenden?</marc:subfield>
   </marc:datafield>
   <marc:datafield ind1="0" ind2="7" tag="600">
      <marc:subfield code="0">(DE-588)11858880X</marc:subfield>
      <marc:subfield code="0">http://d-nb.info/gnd/11858880X</marc:subfield>
      <marc:subfield code="0">(DE-101)11858880X</marc:subfield>
      <marc:subfield code="a">Nostradamus</marc:subfield>
      <marc:subfield code="d">1503-1566</marc:subfield>
      <marc:subfield code="2">gnd</marc:subfield>
   </marc:datafield>
   <marc:datafield ind1=" " ind2="7" tag="650">
      <marc:subfield code="0">(DE-588)4047487-2</marc:subfield>
      <marc:subfield code="0">http://d-nb.info/gnd/4047487-2</marc:subfield>
      <marc:subfield code="0">(DE-101)040474879</marc:subfield>
      <marc:subfield code="a">Prophetie</marc:subfield>
      <marc:subfield code="2">gnd</marc:subfield>
   </marc:datafield>
   <marc:datafield ind1=" " ind2=" " tag="653">
      <marc:subfield code="a">(VLB-PF)AC: Audio-CD</marc:subfield>
   </marc:datafield>
   <marc:datafield ind1=" " ind2=" " tag="653">
      <marc:subfield code="a">(VLB-PG)SD400: Audio-CD</marc:subfield>
   </marc:datafield>
   <marc:datafield ind1=" " ind2=" " tag="653">
      <marc:subfield code="a">(VLB-WI)5: Audio-CD, Cassette</marc:subfield>
   </marc:datafield>
   <marc:datafield ind1=" " ind2=" " tag="653">
      <marc:subfield code="a">(VLB-WG)475: Esoterik, Anthroposophie / Grenzwissenschaften</marc:subfield>
   </marc:datafield>
   <marc:datafield ind1=" " ind2="7" tag="655">
      <marc:subfield code="0">(DE-588)4522869-3</marc:subfield>
      <marc:subfield code="0">http://d-nb.info/gnd/4522869-3</marc:subfield>
      <marc:subfield code="0">(DE-101)955174880</marc:subfield>
      <marc:subfield code="a">CD</marc:subfield>
      <marc:subfield code="2">gnd-carrier</marc:subfield>
   </marc:datafield>
   <marc:datafield ind1=" " ind2="7" tag="655">
      <marc:subfield code="a">CD</marc:subfield>
      <marc:subfield code="2">gnd</marc:subfield>
   </marc:datafield>
   <marc:datafield ind1="0" ind2="0" tag="689">
      <marc:subfield code="0">(DE-588)11858880X</marc:subfield>
      <marc:subfield code="0">http://d-nb.info/gnd/11858880X</marc:subfield>
      <marc:subfield code="0">(DE-101)11858880X</marc:subfield>
      <marc:subfield code="D">p</marc:subfield>
      <marc:subfield code="a">Nostradamus</marc:subfield>
      <marc:subfield code="d">1503-1566</marc:subfield>
   </marc:datafield>
   <marc:datafield ind1="0" ind2="1" tag="689">
      <marc:subfield code="0">(DE-588)4047487-2</marc:subfield>
      <marc:subfield code="0">http://d-nb.info/gnd/4047487-2</marc:subfield>
      <marc:subfield code="0">(DE-101)040474879</marc:subfield>
      <marc:subfield code="D">s</marc:subfield>
      <marc:subfield code="a">Prophetie</marc:subfield>
   </marc:datafield>
   <marc:datafield ind1="0" ind2="2" tag="689">
      <marc:subfield code="A">f</marc:subfield>
      <marc:subfield code="a">CD</marc:subfield>
   </marc:datafield>
   <marc:datafield ind1="0" ind2=" " tag="689">
      <marc:subfield code="5">DE-101</marc:subfield>
      <marc:subfield code="5">DE-101</marc:subfield>
   </marc:datafield>
   <marc:datafield ind1="1" ind2=" " tag="700">
      <marc:subfield code="0">(DE-588)111404576</marc:subfield>
      <marc:subfield code="0">http://d-nb.info/gnd/111404576</marc:subfield>
      <marc:subfield code="0">(DE-101)111404576</marc:subfield>
      <marc:subfield code="a">Kamphausen, Klaus</marc:subfield>
      <marc:subfield code="e">Mitwirkender</marc:subfield>
      <marc:subfield code="4">ctb</marc:subfield>
   </marc:datafield>
   <marc:datafield ind1="1" ind2=" " tag="700">
      <marc:subfield code="0">(DE-588)121009394</marc:subfield>
      <marc:subfield code="0">http://d-nb.info/gnd/121009394</marc:subfield>
      <marc:subfield code="0">(DE-101)121009394</marc:subfield>
      <marc:subfield code="a">Höppner, Achim</marc:subfield>
      <marc:subfield code="d">1946-2006</marc:subfield>
      <marc:subfield code="e">Mitwirkender</marc:subfield>
      <marc:subfield code="4">ctb</marc:subfield>
   </marc:datafield>
   <marc:datafield ind1=" " ind2=" " tag="850">
      <marc:subfield code="a">DE-101a</marc:subfield>
      <marc:subfield code="a">DE-101b</marc:subfield>
   </marc:datafield>
   <marc:datafield ind1="r" ind2=" " tag="925">
      <marc:subfield code="a">ra</marc:subfield>
   </marc:datafield>
</marc:record>
